Click the Country: 'A' Cities Quiz Stats

Quiz Updated Aug 7, 2014

Also try: City Clicknames
Challenge
Share
Tweet
Embed
Score 0/35 Timer 06:00
32 Plays Today
% Correct
Greece
98.5%
Netherlands
95.7%
United States
94.5%
Algeria
90.9%
United Arab Emirates
90.4%
Turkey
88.2%
Egypt
87.1%
Australia
85.9%
New Zealand
85%
United Kingdom
83.9%
Belgium
83.4%
France
82.2%
Mexico
81.2%
Germany
79.4%
Ethiopia
77.5%
Japan
75.6%
Jordan
71.4%
Denmark
70.8%
% Correct
Paraguay
68.9%
Spain
67.3%
Syria
64.3%
China
62.8%
Canada
59.4%
Ghana
59.2%
Kazakhstan
58.6%
Nigeria
54.4%
Turkmenistan
53.5%
Madagascar
53%
Russia
50.5%
Brazil
48%
Samoa
46.4%
Peru
45.5%
Eritrea
41.9%
Côte d'Ivoire
40.1%
Chad
29.9%

You're not logged in!

Compare scores with friends on all Sporcle quizzes.
Sign Up with Email
OR
Log In

You Might Also Like...

Show Comments

Extras

Top Quizzes Today


Score Distribution

Your Account Isn't Verified!

In order to create a playlist on Sporcle, you need to verify the email address you used during registration. Go to your Sporcle Settings to finish the process.